FIRS AID AND EMERGENCY NURSING (Record no. 6828)

MARC details
000 -LEADER
fixed length control field 00323nam a2200133Ia 4500
008 - FIXED-LENGTH DATA ELEMENTS--GENERAL INFORMATION
fixed length control field 150301s2014 xx 000 0 und d
082 ## - DEWEY DECIMAL CLASSIFICATION NUMBER
Classification number 610.7
Item number F14Y
100 ## - MAIN ENTRY--PERSONAL NAME
Personal name YALAYYASWAMY N.N.
245 ## - TITLE STATEMENT
Title FIRS AID AND EMERGENCY NURSING
260 ## - PUBLICATION, DISTRIBUTION, ETC. (IMPRINT)
Name of publisher, distributor, etc. C.B.S. DELHI
Date of publication, distribution, etc. 2014
300 ## - PHYSICAL DESCRIPTION
Extent 188
650 ## - SUBJECT ADDED ENTRY--TOPICAL TERM
Topical term or geographic name as entry element FIRST AID
942 ## - ADDED ENTRY ELEMENTS (KOHA)
Source of classification or shelving scheme Dewey Decimal Classification
Koha item type Books
Koha issues (borrowed), all copies 4
Holdings
Withdrawn status Lost status Source of classification or shelving scheme Damaged status Not for loan Collection code Home library Current library Shelving location Date acquired Source of acquisition Cost, normal purchase price SGTU Bill Number Total Checkouts Full call number Barcode Date last seen Date last checked out Bill Date Koha item type
    Dewey Decimal Classification     NURSING SGT Medical Library SGT Medical Library Text Book 02/07/2015 ABC DELHI 150.00 SGTU 5533 1 610.7 F14Y FN2806 23/01/2023 19/05/2018 25/03/2015 Books
    Dewey Decimal Classification     NURSING SGT Medical Library SGT Medical Library Text Book 02/07/2015 ABC DELHI 150.00 SGTU 5533 5 610.7 F14Y FN2807 09/01/2025 09/01/2025 25/03/2015 Books
    Dewey Decimal Classification     NURSING SGT Medical Library SGT Medical Library Text Book 02/07/2015 ABC DELHI 150.00 SGTU 5533 1 610.7 F14Y FN2808 24/05/2018 18/05/2018 25/03/2015 Books
    Dewey Decimal Classification     NURSING SGT Medical Library SGT Medical Library Text Book 02/07/2015 ABC DELHI 150.00 SGTU 5533 3 610.7 F14Y FN2809 17/09/2021 04/09/2021 25/03/2015 Books
    Dewey Decimal Classification     NURSING SGT Medical Library SGT Medical Library Text Book 02/07/2015 ABC DELHI 150.00 SGTU 5533 1 610.7 F14Y FN2810 16/04/2021 08/04/2021 25/03/2015 Books